| 000 | 00847 a2200229 4500 | ||
|---|---|---|---|
| 020 | _a0071214364 | ||
| 020 | _a0071218297 | ||
| 040 |
_aDLC _bDLC |
||
| 082 | 0 | 0 | _a620.1/054 |
| 245 | 0 | 0 |
_aVector mechanics for engineers : dynamics _bdynamics _cFerdinand P. Beer ... [et al.]. |
| 250 | _a7th ed. | ||
| 260 |
_aDubuque, IA : _bMcGraw-Hill/Higher Education, _cc2007. |
||
| 300 |
_axxiii, 602-1355 p. : _bcol. ill. ; _c27 cm. + _e1 CD-ROM (4 3/4 in.) |
||
| 500 | _aRev. ed. of: Vector mechanics for engineers. Dynamics. 7th ed. Boston : McGraw-Hill, c2004. | ||
| 500 | _aIncludes index. | ||
| 650 | 0 | _aDynamics. | |
| 650 | 0 | _aVector analysis. | |
| 650 | 0 | _aMechanics, Applied. | |
| 700 | 1 |
_aBeer, Ferdinand Pierre, _d1915- |
|
| 856 | 4 | 1 |
_3Table of contents only _uhttp://www.loc.gov/catdir/toc/ecip0610/2006008102.html |
| 942 |
_cBK _k620.105 BEE _2ddc |
||
| 999 |
_c4463 _d4463 |
||